Top 10 des plats préférés des français - Statistiques

Statistiques générales
  • Ce quiz a été pris 330 fois
  • Le résultat moyen est 4 sur 10
Statistiques - réponses
Hint Réponse % Correct
2 La raclette
74%
3 Le bœuf bourguignon
65%
5 Le couscous
57%
8 La tartiflette
48%
4 La blanquette de veau
43%
7 Le steak frites
23%
10 Le gratin dauphinois
16%
1 Le magret de canard
15%
6 Les moules frites
15%
9 Le confit de canard
6%
Aucun quiz correspondant
Distribution des résultats
% des personnes avec chaque résultat
Percentile par nombre de réponses
Votre historique - résultats
Vous n’avez pas pris ce quiz